Mémoires sur la théorie des systèmes des équations différentielles linéaires /
Guardado en:
| Autor Principal: | |
|---|---|
| Formato: | Libro |
| Idioma: | French |
| Publicado: |
[New York] :
Chelsea,
1953.
|
| Etiquetas: |
Agregar Etiqueta
Sin Etiquetas, Sea el primero en etiquetar este registro!
|
| LEADER | 00586nam a22001575a 4500 | ||
|---|---|---|---|
| 001 | MAT.inmabb000677 | ||
| 008 | 031118s1953####nyu###########001#0#fre#d | ||
| 005 | 20170802154821.0 | ||
| 245 | 1 | 0 | |a Mémoires sur la théorie des systèmes des équations différentielles linéaires / |c by J. A. Lappo-Danilevsky. |
| 260 | |a [New York] : |b Chelsea, |c 1953. | ||
| 300 | |a viii, 253, 208, 204 p. | ||
| 500 | |a Volumes I, II, III bound as one volume. | ||
| 510 | 4 | |a MR, |c MR0054111 | |
| 100 | 1 | |a Lappo-Danilevskii, Ivan Aleksandrovich, |d 1896-1931. | |
| 084 | |a 35-XX |2 msc2000 | ||
| 859 | |h 35 |i L316 |p A-480 |b BIB. MATEMATICA | ||
